Modern Electronic Navigation aids / (Record no. 245)

000 -LEADER
fixed length control field 00544nam a2200181Ia 4500
008 - FIXED-LENGTH DATA ELEMENTS--GENERAL INFORMATION
fixed length control field 190805s9999||||xx |||||||||||||| ||und||
020 ## - INTERNATIONAL STANDARD BOOK NUMBER
International Standard Book Number LATA000001
Terms of availability Rs. 500.00
082 04 - DEWEY DECIMAL CLASSIFICATION NUMBER
Classification number 623.893
Item number B4695
100 1# - MAIN ENTRY--PERSONAL NAME
Personal name Bhatia, A. G.
245 10 - TITLE STATEMENT
Title Modern Electronic Navigation aids /
250 ## - EDITION STATEMENT
Edition statement 12th rev. ed.
260 ## - PUBLICATION, DISTRIBUTION, ETC. (IMPRINT)
Place of publication, distribution, etc Mumbai :
Name of publisher, distributor, etc Lata Publications,
Date of publication, distribution, etc [2003]
300 ## - PHYSICAL DESCRIPTION
Extent 182 p.
Other physical details : ill., maps
Dimensions ; 28 cm.
650 #0 - SUBJECT ADDED ENTRY--TOPICAL TERM
Topical term or geographic name as entry element Electronics in navigation
700 1# - ADDED ENTRY--PERSONAL NAME
Personal name Sinha, S. K.
852 ## - LOCATION/CALL NUMBER
Location
942 ## - ADDED ENTRY ELEMENTS (KOHA)
Item type Books
Holdings
Withdrawn status Lost status Damaged status Not for loan Collection code Permanent location Current location Shelving location Date acquired Source of acquisition Cost, normal purchase price Total Checkouts Full call number Barcode Date last seen Date last borrowed Koha item type Public note
        Nautical Science IMU Kochi Library IMU Kochi Library General Stacks 2017-07-26 Sterling Book House 500.00 6 623.893 B4695 BK004310 2023-08-03 2023-08-03 Books Gen. Shelf-14, Row-5


Copyright © All Rights Reserved by Indian Maritime University, Kochi Campus.
For any Suggestions/Query Contact to library or Email: library.kochi@imu.ac.in Ph:(0484)-2989402
(Web OPAC Designed by Rudra Ranjan. Maintained by IMU Kochi Library)

Powered by Koha